Asian Countries "Hangman" - Randomized - Statistics

General Stats
  • This quiz has been taken 3,196 times
    3,167 since last reset
  • The average score is 4 of 6
Answer Stats
Lettre % Correct
A
96%
A
95%
A
95%
A
93%
A
92%
A
92%
E
86%
I
83%
E
79%
I
78%
E
75%
R
73%
I
71%
S
71%
L
70%
I
68%
U
67%
N
65%
N
65%
B
64%
R
63%
C
61%
T
57%
N
54%
N
53%
T
51%
O
50%
W
50%
U
47%
B
45%
R
45%
S
45%
H
44%
U
44%
U
42%
R
41%
R
39%
T
39%
T
38%
K
37%
U
37%
J
36%
D
34%
Y
34%
K
33%
W
32%
P
31%
Y
28%
No matching quizzes found
Score Distribution
Percent of People with Each Score
Percentile by Number Answered
Your Score History
You have not taken this quiz since the last reset